000 00338nam a2200133Ia 4500
005 20260328101522.0
008 260328s9999||||xx |||||||||||||| ||und||
100 _aJodidio, Philip
245 0 _aArchitecture Now! :
_b Houses /
_cPhilip Jodidio
260 _bTaschen
300 _a416 p.
650 _aARQUITECTURA RESIDENCIAL
942 _cBK
999 _c9619
_d9619